Practical financial management /

This book is divided into six parts: Introduction to financial management; Discounted cash flow and the value of securities; Business investment decisions-capital budgeting; Long-term financing issues; Operations issues-working capital management and planning; and Current topics in financial managem...

وصف كامل

محفوظ في:
التفاصيل البيبلوغرافية
المؤلف الرئيسي: Lasher, William.
التنسيق: كتاب
اللغة:English
منشور في: Cincinnati, Ohio : South-Western College, 2000.
الطبعة:2nd ed.
الموضوعات:
الوسوم: إضافة وسم
لا توجد وسوم, كن أول من يضع وسما على هذه التسجيلة!
Thư viện lưu trữ: Mạng thư viện Đại học Đà Nẵng
LEADER 01281cam a2200373 i 4500
001 000047577
003 7267
005 20030312162902.0
008 010320|2000 vm 000 eng
020 |a 0324006748 
040 |a IRC  |c IRC  |d IRC 
041 0 |a eng 
082 1 4 |a 658.15  |b LA-W 
100 1 |a Lasher, William. 
245 0 0 |a Practical financial management /  |c William R. Lasher. 
250 |a 2nd ed. 
260 |a Cincinnati, Ohio :  |b South-Western College,  |c 2000. 
300 |a xxi, 640 p. :  |b col. ill. ;  |c 25.5cm. 
520 3 |a This book is divided into six parts: Introduction to financial management; Discounted cash flow and the value of securities; Business investment decisions-capital budgeting; Long-term financing issues; Operations issues-working capital management and planning; and Current topics in financial management. 
630 0 4 |a Finance. 
630 0 4 |a Business enterprises. 
630 0 4 |a Corporations. 
650 0 4 |a Corporations  |x Finance. 
650 0 4 |a Business enterprises  |x Finance  |x Case studies. 
OWN |a DUT 
999 |a From the UDN01 
TYP |a Monograph 
TYP |a Printed language 
980 |a Mạng thư viện Đại học Đà Nẵng